US States: What Does It Border? Quiz Stats

Quiz Updated Mar 28, 2018

Challenge
Share
Tweet
Embed
Score 0/0 Timer 00:00
13 Plays Today
% Correct
Georgia
89.2%
Nevada
89%
Oregon
88.4%
Mississippi
84.7%
Indiana
84.6%
North Carolina
80.1%
Montana
79.2%
New Hampshire
76%
Missouri
73.9%
Rhode Island
73%
Delaware
69.8%
Oklahoma
69.4%
Vermont
68.9%

You're not logged in!

Compare scores with friends on all Sporcle quizzes.
Sign Up with Email
OR
Log In

You Might Also Like...

Show Comments

Extras

Top Quizzes Today


Score Distribution

Your Account Isn't Verified!

In order to create a playlist on Sporcle, you need to verify the email address you used during registration. Go to your Sporcle Settings to finish the process.

Report this User

Report this user for behavior that violates our Community Guidelines.

Details: